000 03133cam a22012494i 4500
003 PE-LiUPU
005 20250813185408.0
008 160913s2013 sp rb 000 0 spa d
020 _a9875913820
020 _a9789875913820
035 _a(Sirsi) a239957
040 _aPE-LiUPU
_bspa
_cPE-LiUPU
_erda
049 _aPRUA
082 0 4 _a362.8292
_bS21
_220
100 1 _aSantini, Oscar,
_eautor.
245 1 0 _aDelito sexual :
_bviolencia y desubjetivación: vínculos saludables para su prevención /
_cOscar Santini.
264 1 _aCórdoba:
_bBrujas,
_c2013.
300 _a260 páginas ;
_c23 centímetros
336 _atext
_2rdacontent
337 _aunmediated
_2rdamedia
338 _avolume
_2rdacarrier
504 _aBibliografía : páginas 257-260.
505 0 _aSexualidad, cultura y economía. Relaciones de poder -- Abusos sexuales -- Violencia, perversión vincular y desubjetivación -- Abuso sexual y crisis socio-cultural -- Sobre la contención -- Violencia intergeneracional y crisis proyectual.
526 _aP202
526 _aP201
526 _aP163
526 _aP162
526 _aP161
526 _aP160
526 _aP148
526 _aP147
526 _aP146
526 _aP145
526 _aP144
526 _aP143
526 _aP142
526 _aP141
526 _aP140
526 _aP139
526 _aP138
526 _aP137
526 _aP136
526 _aP135
526 _aP134
526 _aP133
526 _aP129
526 _aP128
526 _aP127
526 _aP120
526 _aP119
526 _aP118
526 _aP116
526 _aP115
526 _aP114
526 _aP110
526 _aP109
526 _aP108
526 _aP104
526 _aP103
526 _aP102
526 _aP99
526 _aP98
526 _aP97
526 _aP96
526 _aP95
526 _aP93
526 _aP90
526 _aP89
526 _aP88
526 _aP83
526 _aP82
526 _aP62
526 _aP59
526 _aP58
526 _aP57
526 _aP51
526 _aP49
526 _aP48
526 _aP47
526 _aP29
526 _aP24
526 _aP20
526 _aP19
526 _aP17
526 _aP15
526 _aP14
526 _aP12
526 _aP10
526 _aP09
526 _aP08
526 _aP07
526 _aP06
526 _aP05
526 _aP04
526 _aP01
526 8 _iPrograma académico :
_5PE-LiUPU
541 _g0001-0042199;
650 0 4 _aDelitos contra la persona.
650 0 4 _aViolencia familiar.
650 0 4 _aCrimes against the person.
650 0 4 _aDomestic violence.
910 _adbm
_bncf
_cncf
_d20171103
942 _2ddc
_cBOOK
994 _aC0
_bPEPRU
596 _a1
999 _a362.8292 S21
_wDEWEY
_c25610
_i76914
_d25610
_e2018-11-13
_f2021-11-3
_g4
_lCCODEBUL1
_mBUL
_n1
_p23.66
_q4
_r0
_sY
_tBOOK
_u2017-11-3
_xSALUD
_zP33
_0COMPRA
_o.STAFF. Colección Ciencias de la Salud
980 _81
_gALBERTO SANCHEZ Responsable de Automatización